000
00398nam a2200133Ia 4500
008
100328s9999 xx 000 0 und d
082
_b
56476
100
_a
सोनवणी संजय
245
_a
अखेरचा सम्राट.
260
_b
पुष्प
630
_a
अखेरचा सम्राट.
730
_a
अखेरचा सम्राट.
942
_c
BOOK
999
_c
543036
_d
543033